Statistics for Click the Correct Country by Landmark #1

Click here to take the quiz!

General Stats

  • This quiz has been taken 319 times
  • The average score is 16 of 20

Answer Stats

HintAnswer% Correct
Eiffel TowerFrance
100%
Leaning Tower of PisaItaly
100%
Pyramids of GizaEgypt
99%
Statue of LibertyUnited States
98%
Christ the RedeemerBrazil
96%
Mount FujiJapan
95%
Great Barrier ReefAustralia
93%
Brandenburg GateGermany
90%
Chichen ItzaMexico
83%
Ha Long BayVietnam
83%
Saint Basil's CathedralRussia
82%
Petronas TowersMalaysia
80%
Milford SoundNew Zealand
79%
Angkor WatCambodia
78%
PetraJordan
77%
Hagia SophiaTurkey
75%
Dome of the RockIsrael
70%
Charles BridgeCzech Republic
64%
Okavango DeltaBotswana
48%
Zuma RockNigeria
48%

Score Distribution

Percentile by Number Answered

Percent of People with Each Score

Your Score History

You have not taken this quiz